000 00814nam a2200217 a 4500
001 000022722
005 20200930021747.0
008 101116s1994 pr a r 000 p spa d
020 _a0865814791
040 _aDO-SdBNP
_bspa
_cBNPHU
082 _aPR861.44
_bC124e
100 1 _aCadilla, Ulises,
_d1939-
_946701
245 1 0 _aEl eco del silencio :
_bantología de mí mismo /
_cUlises Cadilla ; prólogo por Francisco Matos Paoli.
260 _aSan Juan, Puerto Rico :
_bInstituto de Cultura Puertorriqueña,
_c1994.
300 _a94 p. :
_bil. ;
_c23 cm.
500 _aIncluye datos biográficos del autor en la solapa de la contra cubierta.
650 4 _aPoesía puertorriqueña
_91015
650 4 _aLiteratura puertorriqueña
_ySIGLO XX
_95311
700 1 _aMatos Paoli, Francisco
_epról.
_99210
049 _aBNGR
999 _c22219
_d22219